[Event "AUTO-ADV-2900"]
[Site "http://www.queenalice.com/game.php?id=1198144"]
[Date "2013.7.9"]
[Round "1"]
[White "NatanEstivallet"]
[Black "qwer"]
[Result "1/2-1/2"]
[WhiteElo "1961"]
[BlackElo "1909"]

1. e4 c5 2. Nf3 Nc6 3. Bb5 e6 4. O-O a6 5. Bxc6 bxc6 6. Nc3 d5 7. d3 h6 8. Ne2
Bd6 9. e5 Bc7 10. Bf4 Ne7 11. c4 Bd7 12. b3 Ng6 13. Bg3 Qb8 14. Re1 Nxe5 15.
Nxe5 Bxe5 16. Bxe5 Qxe5 17. d4 cxd4 18. Nxd4 Qf6 19. cxd5 cxd5 20. Nxe6 Bxe6 21.
Qxd5 O-O 22. Qh5 Rad8 23. Qe2 Bd7 24. Rad1 Bb5 25. Qc2 Rxd1 26. Rxd1 Rd8 27. h3
Rxd1+ 28. Qxd1 Qb2 29. Qd8+ Kh7 30. Qd5 f6 31. Qe4+ Kh8 32. Qa8+ Kh7 33. Qe4+
Kh8 1/2-1/2

[Event "AUTO-ADV-2900"]
[Site "http://www.queenalice.com/game.php?id=1198145"]
[Date "2013.7.9"]
[Round "1"]
[White "qwer"]
[Black "NatanEstivallet"]
[Result "1-0"]
[WhiteElo "1911"]
[BlackElo "1959"]

1. d4 Nf6 2. c4 g6 3. Nc3 d5 4. cxd5 Nxd5 5. e4 Nxc3 6. bxc3 Bg7 7. Nf3 c5 8.
Bb5+ Bd7 9. Be2 O-O 10. O-O cxd4 11. cxd4 Nc6 12. Be3 Rc8 13. Rb1 b6 14. Ba6 Rb8
15. Bf4 e5 16. dxe5 Be6 17. Qe2 Re8 18. Rfd1 Qc7 19. Rbc1 Red8 20. Rxd8+ Rxd8
21. Bb5 Bd7 22. Qe3 Qb7 23. Bc4 Be6 24. Bxe6 fxe6 25. h3 Nb8 26. Bg5 Rf8 27. Nd4
Qf7 28. Rf1 Bxe5 29. Bh6 Rd8 30. Nf3 Bg7 31. Bxg7 Kxg7 32. Qc3+ Kg8 33. Ng5 Qg7
34. Qxg7+ Kxg7 35. Nxe6+ 1-0

[Event "AUTO-ADV-2900"]
[Site "http://www.queenalice.com/game.php?id=1198152"]
[Date "2013.7.9"]
[Round "1"]
[White "twiddledeedum"]
[Black "qwer"]
[Result "0-1"]
[WhiteElo "1729"]
[BlackElo "1874"]

1. e4 c5 2. Nf3 Nc6 3. d4 cxd4 4. Nxd4 Nf6 5. Nxc6 bxc6 6. Bd3 e5 7. Bg5 h6 8.
Bh4 Be7 9. Bxf6 Bxf6 10. Nc3 O-O 11. Qd2 Qb6 12. Na4 Qd4 13. Nc3 Bg5 14. Qe2 Rb8
15. Rb1 Rxb2 16. O-O Qxc3 17. Ra1 d5 18. a4 a5 19. f3 Qd4+ 20. Kh1 Bd7 21. g3
dxe4 22. Bxe4 Rb7 23. Rfd1 Qc5 24. Bd3 Qe3 25. Re1 Qxe2 26. Rxe2 Bf6 27. h4 e4
28. Rxe4 Bxa1 0-1

[Event "AUTO-ADV-2900"]
[Site "http://www.queenalice.com/game.php?id=1198153"]
[Date "2013.7.9"]
[Round "1"]
[White "qwer"]
[Black "twiddledeedum"]
[Result "1/2-1/2"]
[WhiteElo "1924"]
[BlackElo "1789"]

1. d4 d5 2. Nf3 Nc6 3. Bf4 Bg4 4. e3 e6 5. Nbd2 Nf6 6. h3 Bxf3 7. Nxf3 Bd6 8.
Bxd6 Qxd6 9. c3 e5 10. dxe5 Nxe5 11. Be2 c6 12. O-O h6 13. Nxe5 Qxe5 14. Qb3 Qc7
15. Rad1 O-O 16. Bf3 a5 17. a4 Rab8 18. c4 dxc4 19. Qxc4 Rbc8 20. Rd2 Rfd8 21.
Rfd1 Rxd2 22. Rxd2 Nd7 23. Bd1 Ne5 24. Qe4 Qb8 25. Bc2 Ng6 26. Qc4 b5 27. Qc5
Ne5 28. Bb3 bxa4 29. Bxa4 Qc7 30. f4 Nd7 31. Qf5 Nf6 32. Kh1 c5 33. e4 c4 34.
Rc2 Qc5 35. e5 Ne8 36. Qg4 Rd8 37. Qe2 Nc7 38. Rxc4 Qb6 39. Qc2 Nd5 40. Qc1 Nb4
41. Rc8 Nd3 42. Rxd8+ Qxd8 43. Qe3 Nxb2 44. Qe4 Nxa4 45. Qxa4 Kh7 46. Qe4+ Kh8
47. e6 fxe6 48. Qxe6 a4 49. Qa6 Qd4 50. Qc8+ Kh7 51. Qf5+ Kh8 52. Qf8+ Kh7 53.
Qf5+ Kg8 54. Qc8+ Kh7 55. Qf5+ Kh8 56. Qf8+ Kh7 57. Qf5+ Kg8 58. Qc8+ Kh7
1/2-1/2

[Event "AUTO-ADV-2910"]
[Site "http://www.queenalice.com/game.php?id=1200945"]
[Date "2013.7.19"]
[Round "1"]
[White "Jac"]
[Black "qwer"]
[Result "0-1"]
[WhiteElo "1721"]
[BlackElo "1916"]

1. e4 c5 2. Nf3 Nc6 3. Bb5 a6 4. Bxc6 bxc6 5. O-O d6 6. Nc3 e5 7. d3 h6 8. b3
Nf6 9. Bb2 Be7 10. Ne2 O-O 11. Re1 Be6 12. Ng3 d5 13. exd5 cxd5 14. Nxe5 Qc7 15.
a4 Rab8 16. Ne2 d4 17. Ng3 Rfe8 18. Qf3 Bd6 19. Qf4 Bxb3 20. cxb3 Bxe5 21. Qf3
Rxb3 22. Ba3 c4 23. Red1 c3 24. Bc1 c2 25. Re1 Qc3 26. Kf1 Qxa1 0-1

[Event "AUTO-ADV-2910"]
[Site "http://www.queenalice.com/game.php?id=1200946"]
[Date "2013.7.19"]
[Round "1"]
[White "qwer"]
[Black "Jac"]
[Result "1-0"]
[WhiteElo "1923"]
[BlackElo "1713"]

1. d4 Nf6 2. Nf3 d5 3. Bf4 Nc6 4. e3 Bg4 5. Nbd2 e6 6. Bd3 Bd6 7. Bxd6 Qxd6 8.
h3 Bxf3 9. Nxf3 O-O-O 10. Ng5 Qe7 11. c3 Ne4 12. Nxe4 dxe4 13. Bxe4 Rd6 14. a4
e5 15. Qg4+ Kb8 16. Qxg7 Re8 17. Bxc6 Rxc6 18. dxe5 Re6 19. Qxh7 Rxe5 20. O-O f5
21. Qxe7 R5xe7 22. Rad1 b6 23. Rd5 Rf8 24. a5 Kb7 25. axb6 axb6 26. Rfd1 Kc6 27.
R5d3 b5 28. b4 Rf6 29. f4 Kb6 30. Kf2 c5 31. Rd6+ Kc7 32. Rxf6 1-0

[Event "AUTO-ADV-2910"]
[Site "http://www.queenalice.com/game.php?id=1200959"]
[Date "2013.7.19"]
[Round "1"]
[White "vindaloo"]
[Black "qwer"]
[Result "0-1"]
[WhiteElo "1817"]
[BlackElo "1899"]

1. e4 c5 2. Nf3 Nc6 3. Bc4 e6 4. a3 Nf6 5. d3 d5 6. exd5 exd5 7. Ba2 Qe7+ 8. Qe2
Qxe2+ 9. Kxe2 Bd6 10. Re1 O-O 11. Kf1 Bg4 12. Nbd2 Rfe8 13. b4 Rxe1+ 14. Kxe1
Re8+ 15. Kf1 b6 16. b5 Ne5 17. Nxe5 Bxe5 18. Rb1 Bxh2 19. g3 Bh3# 0-1

[Event "AUTO-ADV-2910"]
[Site "http://www.queenalice.com/game.php?id=1200960"]
[Date "2013.7.19"]
[Round "1"]
[White "qwer"]
[Black "vindaloo"]
[Result "1-0"]
[WhiteElo "1896"]
[BlackElo "1814"]

1. d4 d5 2. Nf3 Nc6 3. Bf4 e6 4. e3 Nf6 5. Bd3 g6 6. O-O Bg7 7. c3 a6 8. Nbd2
O-O 9. c4 dxc4 10. Nxc4 b5 11. Nce5 Nxe5 12. Nxe5 Bb7 13. Rc1 Qd5 14. Nf3 c6 15.
b3 Rad8 16. Rc5 Qd7 17. Ne5 Qc8 18. Qf3 Rd5 19. Rcc1 Qa8 20. Qh3 Nh5 21. Qf3 Nf6
22. Be2 c5 23. Qg3 cxd4 24. exd4 Rxd4 25. Be3 Rdd8 26. h4 Nd5 27. Bc5 Rfe8 28.
h5 Ne7 29. Nf3 Nf5 30. Qh3 e5 31. hxg6 fxg6 32. g4 Ne7 33. Ng5 h6 34. Ne6 Rd2
35. Nc7 Qd8 36. Nxe8 Qxe8 37. Qe3 Rd5 38. Bf3 Rd7 39. Bxb7 Rxb7 40. Rcd1 Nc6 41.
Qe4 Rc7 42. Rd6 g5 43. Rfd1 Kh8 44. Rg6 Nd8 45. Bb6 Rc8 46. Bxd8 Rxd8 47. Rxd8
Qxd8 48. Rxa6 Qe7 49. Ra8+ Bf8 50. b4 Kg7 51. a3 Qc7 52. Qe3 Be7 53. Ra7 Qd6 54.
Qe2 Kf6 55. Ra5 Qc6 56. Rxb5 Qc1+ 57. Kg2 Qc6+ 58. f3 Bd6 59. a4 Qa6 60. a5 Bc7
61. Qc4 Bd8 62. Rc5 Qxc4 63. Rxc4 Ke6 64. a6 Bb6 65. Rc6+ 1-0

[Event "AUTO-ADV-2910"]
[Site "http://www.queenalice.com/game.php?id=1200967"]
[Date "2013.7.19"]
[Round "1"]
[White "J_R_Ewing"]
[Black "qwer"]
[Result "1-0"]
[WhiteElo "1733"]
[BlackElo "1882"]

1. e4 c5 2. Na3 Nc6 3. c3 Nf6 4. d3 h6 5. g4 d5 6. f3 dxe4 7. fxe4 Bxg4 8. Be2
Bd7 9. Nc4 b5 10. Na3 b4 11. Nc4 bxc3 12. bxc3 e6 13. Rb1 Be7 14. Bf4 g5 15. Bd6
Bc8 16. Bxe7 Qxe7 17. Qa4 Bd7 18. Rb7 O-O 19. Nf3 Nd8 20. Nfe5 Nxb7 21. Nxd7
Nxd7 22. Qc6 Nb6 23. d4 Nxc4 24. Bxc4 Na5 25. Qb5 Nxc4 26. Qxc4 cxd4 27. Qb4
Qxb4 28. cxb4 Rac8 29. Kd2 Rc7 30. Rg1 e5 31. h4 f6 32. b5 1-0

[Event "AUTO-ADV-2910"]
[Site "http://www.queenalice.com/game.php?id=1200968"]
[Date "2013.7.19"]
[Round "1"]
[White "qwer"]
[Black "J_R_Ewing"]
[Result "1-0"]
[WhiteElo "1955"]
[BlackElo "1740"]

1. d4 d5 2. Nf3 Nc6 3. Bf4 e6 4. e3 Nf6 5. Bb5 a6 6. Bd3 b5 7. Nbd2 Nh5 8. Bg5
f6 9. Bh4 g5 10. Bg3 f5 11. Ne5 Nxg3 12. Nxc6 Qd6 13. hxg3 Qxc6 14. Qh5+ Kd7 15.
Qxg5 Qd6 16. Qf6 Be7 17. Qxh8 c5 18. dxc5 Qxc5 19. Rxh7 Bb7 20. Qd4 Qd6 21. f4
b4 22. Nb3 Qc7 23. Qxb4 Rh8 24. Qxe7+ Kc6 25. Qxc7# 1-0

[Event "Fuego en tablero"]
[Site "http://www.queenalice.com/game.php?id=1211654"]
[Date "2013.8.27"]
[Round "2"]
[White "vivafischer"]
[Black "qwer"]
[Result "1/2-1/2"]
[WhiteElo "2084"]
[BlackElo "1931"]

1. e4 c5 2. c3 d6 3. d4 Nf6 4. Bd3 cxd4 5. cxd4 e5 6. Ne2 Be7 7. Nbc3 O-O 8. O-O
Nc6 9. Bb5 a6 10. Bxc6 bxc6 11. dxe5 dxe5 12. Qxd8 Rxd8 13. Bg5 h6 14. Be3 Rb8
15. b3 Ng4 16. Bc1 Bc5 17. h3 Nxf2 18. Rxf2 Bxf2+ 19. Kxf2 f5 20. exf5 Bxf5 21.
Be3 Rf8 22. Ke1 Rbd8 23. Rd1 Rc8 24. Ng3 Bc2 25. Rd2 Bg6 26. Nge4 Bxe4 27. Nxe4
Rb8 28. Nc5 Ra8 29. Rd6 Rf6 30. Rxf6 gxf6 31. Bxh6 Kf7 32. Ke2 a5 33. Be3 Ke7
34. Kf3 Rb8 35. g4 Rb5 36. h4 Kf7 37. Ne4 Rd5 38. g5 fxg5 39. Nxg5+ Kg6 40. Ke4
Kh5 41. Nf3 Rb5 42. Bg5 a4 43. bxa4 Rb4+ 44. Kxe5 Rxa4 45. Nd4 Rxa2 46. Nxc6 Rh2
47. Ne7 Rxh4 48. Bxh4 1/2-1/2

[Event "AUTO-ADV-2969"]
[Site "http://www.queenalice.com/game.php?id=1220624"]
[Date "2013.9.28"]
[Round "1"]
[White "alexrs"]
[Black "qwer"]
[Result "1-0"]
[WhiteElo "1880"]
[BlackElo "1940"]

1. d4 d5 2. Nf3 e6 3. g3 Nd7 4. Bg2 b5 5. O-O Bb7 6. Nc3 b4 7. Na4 Ngf6 8. c3
Bd6 9. cxb4 Bxb4 10. a3 Bd6 11. Bg5 h6 12. Bxf6 Nxf6 13. Nc3 1-0

[Event "AUTO-ADV-2969"]
[Site "http://www.queenalice.com/game.php?id=1220625"]
[Date "2013.9.28"]
[Round "1"]
[White "qwer"]
[Black "alexrs"]
[Result "0-1"]
[WhiteElo "1960"]
[BlackElo "1860"]

1. d4 d5 2. Nf3 g6 3. Bg5 Bg7 4. e3 Nf6 5. Bd3 O-O 6. Nbd2 Nbd7 7. Ne5 Nxe5 8.
dxe5 Nd7 9. f4 f6 10. exf6 exf6 11. Bh4 Re8 12. Qe2 g5 0-1

[Event "AUTO-ADV-2969"]
[Site "http://www.queenalice.com/game.php?id=1220640"]
[Date "2013.9.28"]
[Round "1"]
[White "thw"]
[Black "qwer"]
[Result "1-0"]
[WhiteElo "1970"]
[BlackElo "1976"]

1. e4 c5 2. Nf3 Nc6 3. d4 cxd4 4. Nxd4 Nf6 5. Nxc6 bxc6 6. Nc3 Bb7 7. Bd3 e6 8.
Bg5 h6 9. Bh4 Be7 10. Qd2 Qb6 11. O-O-O g5 12. Bg3 d6 13. f4 Nd7 14. Be2 Bf6 15.
Qxd6 Rd8 16. Qd2 Nc5 17. Qe1 Rxd1+ 18. Qxd1 Nxe4 19. Nxe4 Qxb2+ 20. Kd2 Qb4+ 21.
Ke3 Be7 22. Qd4 Qb6 23. Rb1 Qxb1 24. Qxh8+ Bf8 25. Nd6+ Ke7 26. Nxb7 Qxb7 27.
fxg5 hxg5 28. Bd6+ Kxd6 29. Qxf8+ Ke5 30. Qg7+ 1-0

[Event "AUTO-ADV-2969"]
[Site "http://www.queenalice.com/game.php?id=1220641"]
[Date "2013.9.28"]
[Round "1"]
[White "qwer"]
[Black "thw"]
[Result "1-0"]
[WhiteElo "1962"]
[BlackElo "1914"]

1. d4 d5 2. Nf3 Nf6 3. Bf4 e6 4. e3 Bd6 5. Bg3 O-O 6. Bd3 h6 7. Nc3 a6 8. e4
dxe4 9. Nxe4 Nc6 10. Bxd6 cxd6 11. c3 b5 12. b4 Bb7 13. O-O Qc7 14. Nxf6+ gxf6
15. Qd2 Kg7 16. Qf4 Ne7 17. Qg4+ Ng6 18. Bxg6 fxg6 19. Qxe6 Qf7 20. Qxd6 Bxf3
21. gxf3 Rfe8 22. a4 bxa4 23. Rxa4 Re6 24. Qc5 Rae8 25. d5 1-0

[Event "AUTO-ADV-2969"]
[Site "http://www.queenalice.com/game.php?id=1220650"]
[Date "2013.9.28"]
[Round "1"]
[White "Warner"]
[Black "qwer"]
[Result "1-0"]
[WhiteElo "1796"]
[BlackElo "1922"]

1. d4 d5 2. c4 e6 3. e3 Nf6 4. Nc3 Be7 5. Nf3 O-O 6. cxd5 exd5 7. Bd3 Nc6 8. O-O
Nb4 9. Re1 Bg4 10. Be2 Bf5 11. a3 Nc2 12. Bd3 Nxe1 13. Bxf5 Nxf3+ 14. Qxf3 c6
15. e4 dxe4 16. Nxe4 Qxd4 17. Nxf6+ Bxf6 18. h3 1-0

[Event "AUTO-ADV-2969"]
[Site "http://www.queenalice.com/game.php?id=1220651"]
[Date "2013.9.28"]
[Round "1"]
[White "qwer"]
[Black "Warner"]
[Result "0-1"]
[WhiteElo "1901"]
[BlackElo "1817"]

1. d4 d5 2. Nf3 e6 3. Bf4 c5 4. e3 cxd4 5. Nxd4 Nc6 6. Bb5 Bd7 7. Nf3 Nf6 8.
Nbd2 Be7 9. O-O O-O 10. c4 a6 11. Ba4 Na7 12. Bc2 b5 13. cxd5 Nxd5 14. Be5 Bf6
15. Bxf6 Nxf6 16. Ne5 Nc6 17. Ndf3 Be8 0-1